[Event "34th WCh U20 Girls"]
[Site "Bhubaneswar IND"]
[Date "2016.08.08"]
[Round "1.1"]
[White "Hiebler, Laura"]
[Black "Saduakasova, Dinara"]
[Result "0-1"]
[WhiteElo "2110"]
[BlackElo "2423"]
[EventDate "2016.08.08"]
[PlyCount "88"]

1.c4 e5 2.g3 Nf6 3.Bg2 d5 4.cxd5 Nxd5 5.Nc3 Nb6 6.Nf3 Nc6 7.O-O Be7 8.d3 
O-O 9.Rb1 a5 10.Be3 Be6 11.Qd2 f6 12.Rfc1 Nd4 13.Bxd4 exd4 14.Ne4 a4 15.
Nc5 Bxc5 16.Rxc5 Bxa2 17.Rbc1 c6 18.Qb4 Nd7 19.R5c2 Bb3 20.Rd2 c5 21.Qxb7 
Rb8 22.Qc6 Rb6 23.Qe4 Re8 24.Qf4 g5 25.Qg4 Be6 26.Qh5 Bf7 27.Qh6 Rbe6 28.
Bh3 g4 29.Bxg4 f5 30.Qg5+ Qxg5 31.Nxg5 fxg4 32.Nxe6 Bxe6 33.Kg2 Bd5+ 34.
Kf1 Kf7 35.Re1 Rb8 36.e3 Ne5 37.Rc1 Nf3 38.Rdc2 c4 39.e4 Be6 40.Rd1 c3 41.
bxc3 Bb3 42.Rb1 Bxc2 43.Rxb8 Bxd3+ 44.Kg2 dxc3 0-1

[Event "34th WCh U20 Girls"]
[Site "Bhubaneswar IND"]
[Date "2016.08.08"]
[Round "1.2"]
[White "Bivol, Alina"]
[Black "Srija, Seshadri"]
[Result "1-0"]
[WhiteElo "2362"]
[BlackElo "2102"]
[EventDate "2016.08.08"]
[PlyCount "71"]

1.Nf3 d5 2.g3 Nf6 3.Bg2 e6 4.O-O Be7 5.d4 O-O 6.Nbd2 Nbd7 7.c4 c6 8.Qc2 b6
9.e4 Bb7 10.Rd1 Rc8 11.b3 c5 12.exd5 exd5 13.Bb2 Qc7 14.Rac1 Rfe8 15.Qf5 
g6 16.Qh3 Rcd8 17.cxd5 Bc8 18.dxc5 bxc5 19.Qh6 Bf8 20.Qh4 Bg7 21.Nc4 h6 
22.d6 Qb8 23.Qf4 Ba6 24.Bxf6 Nxf6 25.Nfe5 Bxc4 26.Nc6 Qb6 27.Qxc4 Rd7 28.
Ne7+ Kh8 29.Qxf7 Rxd6 30.Re1 Rd7 31.Nxg6+ Kh7 32.Re7 Rdxe7 33.Nxe7 Qd8 34.
Qg6+ Kh8 35.Nf5 Qd7 36.Bc6 1-0

[Event "34th WCh U20 Girls"]
[Site "Bhubaneswar IND"]
[Date "2016.08.08"]
[Round "1.3"]
[White "Mahalakshmi, Muganda Kumar"]
[Black "Pratyusha, Bodda"]
[Result "1/2-1/2"]
[WhiteElo "2101"]
[BlackElo "2329"]
[EventDate "2016.08.08"]
[PlyCount "54"]

1.d4 d5 2.c4 c6 3.Nf3 Nf6 4.Nc3 e6 5.Bg5 Nbd7 6.e3 Qa5 7.Bxf6 Nxf6 8.c5 b6
9.cxb6 axb6 10.Ne5 Bb4 11.Qc2 Ne4 12.Nxc6 Bxc3+ 13.bxc3 Qxc3+ 14.Qxc3 Nxc3
15.Nb4 Bd7 16.Bd3 Bb5 17.Kd2 Bxd3 18.Kxc3 Bc4 19.a4 Kd7 20.Rhb1 Rhc8 21.
Kd2 Rc7 22.Nc2 Ra6 23.Nb4 Ra5 24.Nc2 Ra6 25.Nb4 Ra5 26.Nc2 Ra6 27.Nb4 Ra5 
1/2-1/2

[Event "34th WCh U20 Girls"]
[Site "Bhubaneswar IND"]
[Date "2016.08.08"]
[Round "1.4"]
[White "Tokhiryonova, Gulrukhbegim"]
[Black "Monnisha, Gajendra Babu Kannaiyan"]
[Result "0-1"]
[WhiteElo "2328"]
[BlackElo "2101"]
[EventDate "2016.08.08"]
[PlyCount "164"]

1.e4 e5 2.Nf3 Nc6 3.Bb5 a6 4.Ba4 Nf6 5.d3 Bc5 6.Bxc6 dxc6 7.Qe2 Bd6 8.Nbd2
b5 9.a4 O-O 10.O-O Nh5 11.Nb3 Qf6 12.h3 Nf4 13.Bxf4 Qxf4 14.Qd2 Qf6 15.Qe3
h6 16.c4 bxc4 17.dxc4 Re8 18.c5 Bf8 19.Nbd2 Rb8 20.Qc3 Qe7 21.Rac1 g6 22.
b4 Bg7 23.Nc4 f5 24.Nfd2 f4 25.Na5 Qf6 26.Rb1 Kh8 27.Ndc4 g5 28.Na3 g4 29.
hxg4 Bxg4 30.f3 Bd7 31.Rfd1 Re7 32.Qc4 Bf8 33.Qxa6 Rg7 34.Rd2 Rxb4 35.Rc1 
Rxa4 36.Nb5 Qh4 37.Qa8 Rg8 38.Qa7 cxb5 39.Qxc7 Bh3 40.Nb3 Qg5 41.Rcc2 Be6 
42.Nc1 Rc4 43.Nd3 Bg7 44.Qb6 Rxc2 45.Rxc2 Bc4 46.Nb2 Ra8 47.Rc1 Qd8 48.
Qxd8+ Rxd8 49.Nxc4 bxc4 50.Rxc4 Rc8 51.g3 Kg8 52.Kg2 Kf7 53.Kh3 Kg6 54.
gxf4 exf4 55.c6 Bf6 56.Rc5 Bg5 57.Kg4 Kf6 58.e5+ Ke6 59.Kh5 Rg8 60.c7 Kd7 
61.e6+ Kc8 62.Rc6 Rg7 63.Rc4 Rxc7 64.e7 Bxe7 65.Rxf4 Rc5+ 66.Kg6 h5 67.Rf7
Kd8 68.f4 h4 69.Rh7 Ke8 70.f5 Rc6+ 71.Kh5 Rc4 72.f6 Bxf6 73.Kg6 Be7 74.Kf5
Kd7 75.Ke5 Ra4 76.Kd5 Rg4 77.Ke5 Rg3 78.Kd5 h3 79.Ke5 Ke8 80.Ke6 Re3+ 81.
Kf5 Bd6 82.Rh6 h2 0-1

[Event "34th WCh U20 Girls"]
[Site "Bhubaneswar IND"]
[Date "2016.08.08"]
[Round "1.5"]
[White "Lasya, Goli"]
[Black "Rodriguez Rueda, Paula Andrea"]
[Result "1/2-1/2"]
[WhiteElo "2084"]
[BlackElo "2321"]
[EventDate "2016.08.08"]
[PlyCount "100"]

1.e4 c5 2.Nc3 Nc6 3.f4 g6 4.Nf3 Bg7 5.Bb5 Nd4 6.O-O e6 7.Nxd4 Bxd4+ 8.Kh1 
a6 9.Bd3 d6 10.f5 Nf6 11.Ne2 Be5 12.Ng1 b5 13.Nf3 O-O 14.Nxe5 dxe5 15.fxg6
hxg6 16.Be2 Nxe4 17.d3 Nd6 18.Bh6 Re8 19.Bf3 Ra7 20.Qd2 Nf5 21.Be4 Qh4 22.
Bxf5 exf5 23.Bg5 Qh8 24.Be3 Rc7 25.Qf2 c4 26.Rae1 cxd3 27.cxd3 Be6 28.b3 
Rd7 29.Rd1 Qh5 30.Bc1 f6 31.Kg1 Rh7 32.h3 g5 33.d4 g4 34.dxe5 fxe5 35.h4 
Qxh4 36.Qxh4 Rxh4 37.Rd6 Kf7 38.Re1 e4 39.Bf4 a5 40.Rc1 Rhh8 41.Rc5 a4 42.
Rxb5 axb3 43.axb3 Ra8 44.Be5 Rhe8 45.Bf4 Ra3 46.Kf2 Ra2+ 47.Kg3 Ra3 48.
Rb7+ Re7 49.Rxe7+ Kxe7 50.Rb6 Rxb3+ 1/2-1/2

[Event "34th WCh U20 Girls"]
[Site "Bhubaneswar IND"]
[Date "2016.08.08"]
[Round "1.6"]
[White "Kiolbasa, Oliwia"]
[Black "Sapale, Saloni"]
[Result "1-0"]
[WhiteElo "2319"]
[BlackElo "2080"]
[EventDate "2016.08.08"]
[PlyCount "41"]

1.e4 e6 2.d4 d5 3.Nc3 Bb4 4.e5 c5 5.dxc5 Ne7 6.Nf3 Nbc6 7.Bd3 Qc7 8.O-O 
Bxc3 9.bxc3 Nxe5 10.Nxe5 Qxe5 11.Rb1 O-O 12.c4 d4 13.Re1 Qc7 14.Bb2 e5 15.
c3 dxc3 16.Bxc3 f6 17.Be4 Rd8 18.Qh5 Ng6 19.Bd5+ Kh8 20.Re4 Rb8 21.Qxg6 
1-0

[Event "34th WCh U20 Girls"]
[Site "Bhubaneswar IND"]
[Date "2016.08.08"]
[Round "1.7"]
[White "Choladze, Mariami"]
[Black "Stiazhkina, Anna"]
[Result "0-1"]
[WhiteElo "2077"]
[BlackElo "2315"]
[EventDate "2016.08.08"]
[PlyCount "66"]

1.e4 e5 2.Nf3 Nc6 3.Bb5 g6 4.c3 Bg7 5.d4 exd4 6.cxd4 a6 7.Ba4 Nge7 8.O-O 
O-O 9.Nc3 b5 10.Bc2 d6 11.h3 Na5 12.Bf4 h6 13.Re1 Bb7 14.a4 b4 15.Na2 Nec6
16.d5 Ne7 17.Nxb4 Nc4 18.Nd3 g5 19.Bg3 f5 20.Qe2 f4 21.Bh2 Nb6 22.Nd2 a5 
23.h4 Ng6 24.Qh5 Nxh4 25.g3 fxg3 26.fxg3 Nc4 27.Nxc4 Nf3+ 28.Kg2 Nxe1+ 29.
Rxe1 Qf6 30.Ne3 Rae8 31.Rf1 Qd4 32.Bg1 Qxe4+ 33.Kh2 Rxf1 0-1

[Event "34th WCh U20 Girls"]
[Site "Bhubaneswar IND"]
[Date "2016.08.08"]
[Round "1.8"]
[White "Dordzhieva, Dinara"]
[Black "Soyunlu, Narmin"]
[Result "1-0"]
[WhiteElo "2304"]
[BlackElo "2074"]
[EventDate "2016.08.08"]
[PlyCount "79"]

1.c4 c5 2.Nc3 Nc6 3.Nf3 e5 4.g3 g6 5.Bg2 Bg7 6.d3 Nge7 7.O-O d6 8.Ne1 Be6 
9.Nd5 O-O 10.Nc2 Rb8 11.Rb1 b5 12.Nce3 f5 13.Bd2 f4 14.Nc2 Qd7 15.gxf4 Bh3
16.f3 Bxg2 17.Kxg2 bxc4 18.dxc4 exf4 19.Bxf4 Nd4 20.Bg3 Nec6 21.e3 Nf5 22.
b3 Rf7 23.f4 Re8 24.Qd3 Kh8 25.Rbd1 Qe6 26.a3 a5 27.Rde1 Rb7 28.e4 Nxg3 
29.hxg3 Reb8 30.f5 Qf7 31.f6 Bh6 32.Na1 Ne5 33.Qc3 Ng4 34.a4 Bg5 35.Qxa5 
Nxf6 36.Qc3 Rf8 37.Re2 Rbb8 38.Ref2 Kg7 39.Nxf6 Bxf6 40.Rxf6 1-0

[Event "34th WCh U20 Girls"]
[Site "Bhubaneswar IND"]
[Date "2016.08.08"]
[Round "1.9"]
[White "Visanescu, Daria-Ioana"]
[Black "Frayna, Janelle Mae"]
[Result "0-1"]
[WhiteElo "2067"]
[BlackElo "2292"]
[EventDate "2016.08.08"]
[PlyCount "80"]

1.e4 e6 2.d4 d5 3.Nd2 Nf6 4.Bd3 c5 5.c3 cxd4 6.cxd4 dxe4 7.Nxe4 Bb4+ 8.Nc3
Nc6 9.Nf3 O-O 10.O-O Be7 11.a3 b6 12.Bc2 Ba6 13.Re1 Rc8 14.Be3 Na5 15.Ne5 
Nc4 16.Nxc4 Bxc4 17.Qf3 Qd7 18.Qh3 g6 19.Rad1 Rfd8 20.Bg5 Nd5 21.Ne4 f5 
22.Bxe7 Qxe7 23.Nd2 Nf4 24.Qh6 Ne2+ 25.Kh1 Nxd4 26.Bb1 Bd5 27.Nf1 Nf3 28.
Re3 Nh4 29.Rxd5 Rxd5 30.Re1 Rcd8 31.Bc2 Kh8 32.Bb3 R5d6 33.Qe3 Qf6 34.Qc1 
f4 35.Qc7 Qxb2 36.Rxe6 Qxf2 37.Qc3+ Rd4 38.Ne3 fxe3 39.Re8+ Kg7 40.Re7+ 
Kh6 0-1

[Event "34th WCh U20 Girls"]
[Site "Bhubaneswar IND"]
[Date "2016.08.08"]
[Round "1.10"]
[White "Vaishali, Ramesh Babu"]
[Black "Leonardi, Caterina"]
[Result "1-0"]
[WhiteElo "2284"]
[BlackElo "2061"]
[EventDate "2016.08.08"]
[PlyCount "71"]

1.Nf3 d5 2.g3 g6 3.Bg2 Bg7 4.O-O e5 5.d3 Ne7 6.Nbd2 O-O 7.e4 c6 8.Re1 Qc7 
9.Qe2 d4 10.c3 c5 11.cxd4 cxd4 12.b4 a6 13.Bb2 Nbc6 14.Rec1 Bg4 15.h3 Bxf3
16.Qxf3 Bh6 17.Qd1 Qb6 18.Ba3 Qb5 19.Rc4 a5 20.bxa5 Rxa5 21.Rc5 Qa6 22.
Rxa5 Qxa5 23.Nc4 Qc7 24.Rb1 Ra8 25.Bd6 Qd8 26.Rxb7 Rxa2 27.Qb3 Ra1+ 28.Kh2
Na5 29.Bxe7 Qxe7 30.Nxa5 Qf6 31.Rb8+ Kg7 32.Qb4 Qxf2 33.Qf8+ Kf6 34.Qd6+ 
Kg7 35.Qxe5+ Qf6 36.Rg8+ 1-0

[Event "34th WCh U20 Girls"]
[Site "Bhubaneswar IND"]
[Date "2016.08.08"]
[Round "1.11"]
[White "Gomez Barrera, Javiera Belen"]
[Black "Blagojevic, Tijana"]
[Result "1/2-1/2"]
[WhiteElo "2055"]
[BlackElo "2267"]
[EventDate "2016.08.08"]
[PlyCount "56"]

1.e4 e5 2.Nf3 Nc6 3.Bb5 g6 4.d4 exd4 5.Nxd4 Bg7 6.Nxc6 bxc6 7.Bc4 Ne7 8.
Nc3 Bb7 9.Bg5 h6 10.Qf3 O-O 11.Bf6 d5 12.O-O-O Bxf6 13.Qxf6 Qd7 14.Rhe1 
Rfe8 15.Bb3 Qg4 16.Re3 Rad8 17.exd5 Nxd5 18.Nxd5 cxd5 19.Rde1 Rf8 20.Rg3 
Qh5 21.Re5 Qxh2 22.Re7 Qh1+ 23.Kd2 Qh5 24.Re5 Qh2 25.Re7 Qh5 26.Re5 Qh2 
27.Re7 Qh5 28.Re5 Qh2 1/2-1/2

[Event "34th WCh U20 Girls"]
[Site "Bhubaneswar IND"]
[Date "2016.08.08"]
[Round "1.12"]
[White "Buksa, Natalia"]
[Black "Thomas, Anysia"]
[Result "1-0"]
[WhiteElo "2261"]
[BlackElo "2049"]
[EventDate "2016.08.08"]
[PlyCount "57"]

1.e4 c6 2.d4 g6 3.Nc3 d5 4.h4 dxe4 5.Nxe4 Bg7 6.c3 Nf6 7.Nxf6+ exf6 8.Bc4 
O-O 9.h5 Re8+ 10.Ne2 Be6 11.Bd3 Bd5 12.Kf1 Nd7 13.Nf4 Nb6 14.hxg6 fxg6 15.
Nxd5 Nxd5 16.Bd2 f5 17.Qf3 Qb6 18.b3 Qa5 19.Bc4 Rad8 20.Qh3 b5 21.Bxd5+ 
cxd5 22.Qxh7+ Kf7 23.Bh6 Rg8 24.Bxg7 Rxg7 25.Qh3 b4 26.cxb4 Qxb4 27.Qd3 
Rc8 28.Re1 Kf6 29.Qa6+ 1-0

[Event "34th WCh U20 Girls"]
[Site "Bhubaneswar IND"]
[Date "2016.08.08"]
[Round "1.13"]
[White "Priyanka, K."]
[Black "Injac, Teodora"]
[Result "1-0"]
[WhiteElo "2048"]
[BlackElo "2252"]
[EventDate "2016.08.08"]
[PlyCount "95"]

1.e4 e6 2.d4 d5 3.Nc3 Nf6 4.Bg5 dxe4 5.Nxe4 Be7 6.Bxf6 gxf6 7.Nf3 f5 8.Nc3
a6 9.g3 b5 10.Bg2 Bb7 11.O-O O-O 12.Qd2 Nd7 13.Rad1 Nf6 14.Ne5 Bxg2 15.
Kxg2 b4 16.Nc6 Qd6 17.Nxe7+ Qxe7 18.Ne2 Rad8 19.Rfe1 Kh8 20.Qe3 Nd5 21.Qf3
Qg5 22.c4 bxc3 23.bxc3 Rb8 24.c4 Nf6 25.Qa3 Ne4 26.f3 Nd6 27.Qc3 Kg8 28.
Nf4 c6 29.Rb1 Qf6 30.Nd3 Rxb1 31.Rxb1 f4 32.Ne5 Qg5 33.d5 Qg7 34.dxc6 Nf5 
35.g4 Ne3+ 36.Kf2 Qf6 37.g5 Qg7 38.Qb2 Rc8 39.Qb7 Re8 40.Qd7 Rf8 41.Qd6 
Nf5 42.Qc5 h6 43.c7 Kh7 44.Nd7 Qc3 45.g6+ Kxg6 46.Nxf8+ Kh5 47.Re1 Kh4 48.
c8=Q 1-0

[Event "34th WCh U20 Girls"]
[Site "Bhubaneswar IND"]
[Date "2016.08.08"]
[Round "1.14"]
[White "Gu Tianlu"]
[Black "Bala Kannamma, P."]
[Result "1-0"]
[WhiteElo "2239"]
[BlackElo "2039"]
[EventDate "2016.08.08"]
[PlyCount "95"]

1.d4 Nf6 2.Nf3 e6 3.e3 b6 4.c4 Bb7 5.Bd3 Be7 6.O-O O-O 7.Nc3 d6 8.b3 Nbd7 
9.e4 c5 10.d5 e5 11.Ne1 Re8 12.g3 Bf8 13.Bg5 g6 14.Qd2 Bg7 15.Ng2 a6 16.
Rae1 Qc7 17.Bc2 Bc8 18.Kh1 Kh8 19.f4 Ng8 20.f5 f6 21.Be3 Nf8 22.h4 Qf7 23.
g4 Bd7 24.g5 b5 25.Bd1 bxc4 26.bxc4 Rab8 27.Rf2 Rb4 28.a3 Rb6 29.Ref1 gxf5
30.exf5 Reb8 31.Ne4 Be8 32.h5 Nd7 33.g6 Qf8 34.gxh7 Kxh7 35.Nh4 Bh6 36.Rg1
Rb2 37.Qe1 Rxf2 38.Qxf2 Rb6 39.Ng6 Bxg6 40.hxg6+ Kg7 41.Ng3 Bxe3 42.Qxe3 
Qb8 43.Nh5+ Kf8 44.Nf4 Ke7 45.Ne6 Nf8 46.Qh3 Qe8 47.Ng7 Qb8 48.Qh8 1-0

[Event "34th WCh U20 Girls"]
[Site "Bhubaneswar IND"]
[Date "2016.08.08"]
[Round "1.16"]
[White "Eswaran, Ashritha"]
[Black "Chitlange, Sakshi"]
[Result "1-0"]
[WhiteElo "2226"]
[BlackElo "2014"]
[EventDate "2016.08.08"]
[PlyCount "97"]

1.e4 e6 2.d4 d5 3.Nd2 dxe4 4.Nxe4 Nd7 5.Nf3 Ngf6 6.Bd3 c5 7.O-O Nxe4 8.
Bxe4 Nf6 9.Bg5 cxd4 10.Nxd4 Be7 11.Bxf6 Bxf6 12.c3 O-O 13.Qd3 g6 14.Rfd1 
Qb6 15.a4 a6 16.a5 Qc7 17.Nc2 Rb8 18.Ne3 Rd8 19.Qc4 Rxd1+ 20.Rxd1 Qxa5 21.
b4 Qb5 22.Qc7 Qe5 23.Rd6 Kg7 24.Qxb8 Be7 25.Qxc8 Bxd6 26.Bxb7 Qxh2+ 27.Kf1
a5 28.Qc4 axb4 29.cxb4 Qh1+ 30.Ke2 Qa1 31.Qb3 Qe5 32.b5 h5 33.Kd3 Qf4 34.
Qc4 Qf6 35.Bf3 Be5 36.Ke2 Bd4 37.Qb3 Qd8 38.Nc4 Qh4 39.Ne3 Qd8 40.Nc2 Bb6 
41.Qc3+ Kh7 42.Ne3 Kg8 43.Nc4 Bc5 44.Qe5 Bxf2 45.Kxf2 Qh4+ 46.Kg1 Qxc4 47.
b6 f6 48.Qb8+ Kf7 49.Qc7+ 1-0

[Event "34th WCh U20 Girls"]
[Site "Bhubaneswar IND"]
[Date "2016.08.08"]
[Round "1.17"]
[White "Yanjinlkham, Bayarsaikhan"]
[Black "Michelle Catherina"]
[Result "0-1"]
[WhiteElo "1990"]
[BlackElo "2205"]
[EventDate "2016.08.08"]
[PlyCount "195"]

1.d4 Nf6 2.c4 e6 3.g3 d5 4.Nf3 Bb4+ 5.Bd2 Bd6 6.Nc3 c6 7.Qb3 dxc4 8.Qxc4 
O-O 9.Bg2 Nbd7 10.O-O e5 11.Rad1 Qe7 12.e4 exd4 13.Nxd4 Nb6 14.Qe2 Bc5 15.
Bc1 Bg4 16.Nf3 Rfe8 17.Rfe1 Rad8 18.h3 Bh5 19.g4 Bg6 20.Rxd8 Qxd8 21.Nh4 
Nxe4 22.Nxe4 Bxe4 23.Nf5 Bb4 24.Rd1 Bd5 25.Be3 Bc5 26.Qc2 Bxe3 27.Nxe3 g6 
28.Qd3 Qh4 29.Nxd5 Nxd5 30.Bxd5 cxd5 31.Qb3 Re2 32.Qf3 Rxb2 33.Rxd5 Rb1+ 
34.Kg2 Qe7 35.Qd3 Rb6 36.g5 Qb4 37.Re5 Rd6 38.Re8+ Kg7 39.Qf3 Qc5 40.Qf4 
Qc6+ 41.Re4 Re6 42.f3 Rxe4 43.fxe4 Qe6 44.a4 a6 45.h4 b5 46.axb5 axb5 47.
e5 Qd5+ 48.Kh2 Kf8 49.e6 Qa2+ 50.Kg3 Qb3+ 51.Kh2 Qxe6 52.Qb4+ Kg7 53.Qxb5 
Qd6+ 54.Kh3 Qd4 55.Qb8 h6 56.Qb5 Qe3+ 57.Kg2 Qe4+ 58.Kg3 Qe3+ 59.Kg2 hxg5 
60.hxg5 Qf4 61.Qc5 Qg4+ 62.Kh2 Kg8 63.Qd5 Qf4+ 64.Kg2 Kg7 65.Qd8 Qg4+ 66.
Kh2 Qf3 67.Kg1 Qe3+ 68.Kg2 Kh7 69.Kh2 Qa3 70.Kg2 Kg7 71.Kh2 Qa2+ 72.Kg3 
Qe6 73.Qd4+ Kh7 74.Qd8 Qf5 75.Kg2 Qe5 76.Kh3 Kg7 77.Kg4 Qf5+ 78.Kg3 Qe4 
79.Kh3 Qe6+ 80.Kg3 Qb3+ 81.Kg4 Qc4+ 82.Kg3 Qe4 83.Kh3 Qf4 84.Kg2 Qb4 85.
Kg3 Qf8 86.Qd4+ Kg8 87.Qf6 Qe8 88.Kg2 Qd7 89.Kh2 Qc7+ 90.Kg2 Kf8 91.Kh3 
Ke8 92.Kg2 Qe7 93.Qc6+ Qd7 94.Qc5 Qe6 95.Kg3 Kd7 96.Kg2 Qc6+ 97.Qxc6+ Kxc6
98.Kf3 0-1

[Event "34th WCh U20 Girls"]
[Site "Bhubaneswar IND"]
[Date "2016.08.08"]
[Round "1.18"]
[White "Parnali, S. Dharia"]
[Black "Kakulidis, Ellen"]
[Result "1/2-1/2"]
[WhiteElo "2203"]
[BlackElo "1989"]
[EventDate "2016.08.08"]
[PlyCount "70"]

1.d4 d5 2.c4 e6 3.Nf3 Nf6 4.g3 Be7 5.Bg2 O-O 6.O-O Nbd7 7.Qc2 c6 8.Nbd2 b6
9.e4 Bb7 10.Rd1 Rc8 11.b3 c5 12.exd5 exd5 13.Bb2 Qc7 14.Rac1 Rfe8 15.Qf5 
dxc4 16.Nxc4 Be4 17.Qg5 Qb7 18.Nce5 h6 19.Qf4 Bd6 20.Qd2 Bxe5 21.dxe5 Bxf3
22.exf6 Bxg2 23.Qxd7 Re1+ 24.Rxe1 Qxd7 25.Kxg2 Qc6+ 26.Kg1 gxf6 27.Rc4 Rd8
28.Rf4 Rd6 29.h4 b5 30.Rc1 c4 31.bxc4 bxc4 32.Rfxc4 Rd1+ 33.Rxd1 Qxc4 34.
Bxf6 Kh7 35.a3 h5 1/2-1/2

[Event "34th WCh U20 Girls"]
[Site "Bhubaneswar IND"]
[Date "2016.08.08"]
[Round "1.19"]
[White "Vantika, Agrawal"]
[Black "Uuriintuya, Uurtsaikh"]
[Result "0-1"]
[WhiteElo "1974"]
[BlackElo "2199"]
[EventDate "2016.08.08"]
[PlyCount "62"]

1.d4 Nf6 2.Nf3 g6 3.g3 Bg7 4.Bg2 O-O 5.O-O d6 6.c4 Nbd7 7.Nc3 e5 8.e4 c6 
9.h3 Qa5 10.Re1 exd4 11.Nxd4 Ne5 12.Bf1 Re8 13.Be3 Be6 14.Nxe6 Rxe6 15.a3 
Nxe4 16.Bd4 Ng5 17.Bxe5 Bxe5 18.b4 Qd8 19.Rc1 Qf6 20.Qd3 Nf3+ 21.Kg2 Nxe1+
22.Rxe1 Bxc3 23.Rxe6 fxe6 24.Qxd6 Rf8 25.f4 e5 26.Qxf6 Rxf6 27.fxe5 Bxe5 
28.Be2 a5 29.bxa5 Bc3 30.Bf3 Bxa5 31.c5 Rf5 0-1

[Event "34th WCh U20 Girls"]
[Site "Bhubaneswar IND"]
[Date "2016.08.08"]
[Round "1.20"]
[White "Alinasab, Mobina"]
[Black "Du Yuxin"]
[Result "1-0"]
[WhiteElo "2199"]
[BlackElo "1957"]
[EventDate "2016.08.08"]
[PlyCount "59"]

1.e4 c6 2.Nc3 d5 3.Nf3 Bg4 4.h3 Bh5 5.exd5 cxd5 6.g4 Bg6 7.h4 Nc6 8.Bb5 
Rc8 9.d4 f6 10.h5 Bf7 11.Qe2 e6 12.a3 a6 13.Bd3 Qa5 14.Bd2 Nb4 15.g5 Bd6 
16.Rh4 Ne7 17.h6 gxh6 18.Rxh6 Nxd3+ 19.cxd3 Qb6 20.b4 Nf5 21.Nxd5 Qa7 22.
Nxf6+ Kd8 23.Ne5 Qxd4 24.Nxf7+ Ke7 25.Rd1 Kxf7 26.Qh5+ Kf8 27.Rxh7 Qe5+ 
28.Kf1 Rxh7 29.Qxh7 Rd8 30.Re1 1-0

[Event "34th WCh U20 Girls"]
[Site "Bhubaneswar IND"]
[Date "2016.08.08"]
[Round "1.21"]
[White "Chandreyee, Hajra"]
[Black "Mendoza, Shania Mae"]
[Result "1-0"]
[WhiteElo "1931"]
[BlackElo "2191"]
[EventDate "2016.08.08"]
[PlyCount "83"]

1.e4 e5 2.Nf3 Nc6 3.Nc3 Nf6 4.Bb5 Bb4 5.O-O O-O 6.d3 Bxc3 7.bxc3 d6 8.Re1 
Qe7 9.d4 a6 10.Bxc6 bxc6 11.Ba3 Nd7 12.Rb1 a5 13.c4 Qe6 14.c5 dxc5 15.dxe5
h6 16.Qd2 Re8 17.Qc3 c4 18.Nd4 Qxe5 19.Bb2 Nb6 20.f4 Qf6 21.Qf3 Qg6 22.f5 
Qd6 23.Rbd1 c3 24.Bxc3 Qc5 25.Ba1 Nc4 26.Qc3 Qb4 27.Qg3 Qd6 28.e5 Rxe5 29.
Ne6 Rxe1+ 30.Qxe1 fxe6 31.Rxd6 Nxd6 32.Qe5 Ne8 33.fxe6 Rb8 34.Qf5 Rb1+ 35.
Kf2 Nd6 36.Qe5 Ne8 37.Bc3 Rb5 38.Qe4 Rc5 39.Qg6 Rxc3 40.Qxe8+ Kh7 41.Qxc8 
Rxc2+ 42.Ke3 1-0

[Event "34th WCh U20 Girls"]
[Site "Bhubaneswar IND"]
[Date "2016.08.08"]
[Round "1.24"]
[White "Nandhidhaa, Venkatachalam"]
[Black "Divya Lakshmi, R."]
[Result "1-0"]
[WhiteElo "2151"]
[BlackElo "1864"]
[EventDate "2016.08.08"]
[PlyCount "79"]

1.e4 c5 2.Nf3 d6 3.d4 cxd4 4.Nxd4 Nf6 5.Nc3 a6 6.h3 e6 7.g4 Be7 8.Bg2 Nfd7
9.Nce2 O-O 10.O-O Nc6 11.c3 Nde5 12.f4 Ng6 13.Be3 Bd7 14.Qd2 h6 15.Rad1 
Rc8 16.Bh1 b5 17.Ng3 Kh7 18.Qf2 Qc7 19.f5 Nge5 20.Nh5 Nc4 21.Bc1 g6 22.f6 
Bd8 23.Qh4 g5 24.Bxg5 hxg5 25.Qxg5 Rg8 26.Qh4 Rg6 27.g5 Kg8 28.Rde1 Qa7 
29.Nf4 Nxd4 30.Kh2 Be8 31.cxd4 Nd2 32.Rf2 Qxd4 33.Nxg6 fxg6 34.Qf4 Qe5 35.
Qxe5 dxe5 36.Rxd2 Ba5 37.Red1 Bxd2 38.Rxd2 Kf7 39.Bf3 Rc4 40.b3 1-0

[Event "34th WCh U20 Girls"]
[Site "Bhubaneswar IND"]
[Date "2016.08.08"]
[Round "1.25"]
[White "Barbier, Astrid"]
[Black "Santeramo, Alessia"]
[Result "0-1"]
[WhiteElo "1853"]
[BlackElo "2137"]
[EventDate "2016.08.08"]
[PlyCount "84"]

1.e4 e5 2.Nf3 Nc6 3.Bb5 a6 4.Ba4 Nf6 5.d3 d6 6.c3 Be7 7.O-O O-O 8.Re1 b5 
9.Bc2 d5 10.Nbd2 d4 11.Nf1 Nd7 12.Ng3 dxc3 13.bxc3 b4 14.Ba4 Bb7 15.Bb2 
bxc3 16.Bxc3 Bf6 17.Nh5 Re8 18.Nxf6+ Qxf6 19.Rb1 Rab8 20.Re2 Nb6 21.Reb2 
Rbd8 22.Bc2 Bc8 23.Qd2 Nc4 24.Qg5 Nxb2 25.Qxf6 gxf6 26.Rxb2 Bg4 27.Rb7 
Bxf3 28.gxf3 Re7 29.Bb2 Nd4 30.Bd1 Red7 31.Bc1 Ne6 32.Be2 Nc5 33.Ra7 c6 
34.Rxd7 Rxd7 35.Be3 Nxd3 36.Kf1 c5 37.f4 Nxf4 38.Bxf4 exf4 39.Bxa6 Rd4 40.
Bb7 c4 41.Bd5 c3 42.Bb3 Rxe4 0-1

[Event "34th WCh U20 Girls"]
[Site "Bhubaneswar IND"]
[Date "2016.08.08"]
[Round "1.26"]
[White "Salonika, Saina"]
[Black "Albekova, Dilyara"]
[Result "1-0"]
[WhiteElo "2131"]
[BlackElo "1732"]
[EventDate "2016.08.08"]
[PlyCount "63"]

1.e4 d5 2.exd5 Qxd5 3.Nc3 Qd6 4.d4 c6 5.Nf3 Nf6 6.g3 g6 7.Bg2 Bg7 8.O-O 
O-O 9.a3 a5 10.Ne5 c5 11.Be3 Rd8 12.Nb5 Qb6 13.dxc5 Rxd1 14.cxb6 Rxa1 15.
Rxa1 Nbd7 16.Nc7 Rb8 17.Nc4 Ng4 18.Rd1 Nxe3 19.fxe3 Kf8 20.Rd5 a4 21.Ra5 
e6 22.Rxa4 Ne5 23.Nd6 Bd7 24.Ra8 Rxa8 25.Nxa8 Bc6 26.Nxb7 Nf3+ 27.Kf2 Bxb7
28.Nc7 Bxb2 29.Bxf3 Bxf3 30.Kxf3 Be5 31.Na6 Ke7 32.b7 1-0

[Event "34th WCh U20 Girls"]
[Site "Bhubaneswar IND"]
[Date "2016.08.08"]
[Round "1.27"]
[White "Minaud, Emily"]
[Black "Ivanova, Karina"]
[Result "0-1"]
[WhiteElo "1721"]
[BlackElo "2129"]
[EventDate "2016.08.08"]
[PlyCount "96"]

1.e4 c6 2.d4 d5 3.Nc3 dxe4 4.Nxe4 Bf5 5.Ng3 Bg6 6.h4 h6 7.Nf3 Nd7 8.h5 Bh7
9.Bd3 Bxd3 10.Qxd3 e6 11.Bd2 Qc7 12.O-O-O Ngf6 13.Ne4 O-O-O 14.g3 Be7 15.
Kb1 c5 16.Qe2 Rhe8 17.a4 cxd4 18.Nxd4 Nxe4 19.Qxe4 Nf6 20.Qe3 Ng4 21.Qe2 
Rxd4 22.Bf4 Rxf4 23.gxf4 Qxf4 24.Rhg1 Ne5 25.Qb5 Nc6 26.Rxg7 Bg5 27.a5 a6 
28.Qc5 Qe5 29.Qxe5 Nxe5 30.Re1 Nf3 31.Rd1 Rf8 32.Rd3 Nh4 33.f4 Nf5 34.Rxg5
hxg5 35.fxg5 Rg8 36.Rc3+ Kb8 37.Rh3 Rxg5 38.h6 Nxh6 39.Rxh6 Rxa5 40.Rf6 
Rf5 41.Rxf5 exf5 42.Kc1 Kc7 43.Kd2 Kd6 44.Ke3 Ke5 45.Kf3 a5 46.c3 a4 47.
Ke3 f4+ 48.Kf3 b6 0-1

[Event "34th WCh U20 Girls"]
[Site "Bhubaneswar IND"]
[Date "2016.08.08"]
[Round "1.28"]
[White "Varshini, Velavan"]
[Black "Gamage, Nethmi Nirasha"]
[Result "1-0"]
[WhiteElo "2129"]
[BlackElo "1559"]
[EventDate "2016.08.08"]
[PlyCount "87"]

1.e4 e6 2.d4 d5 3.e5 c5 4.c3 Nc6 5.Nf3 Bd7 6.a3 f6 7.exf6 Nxf6 8.Bd3 cxd4 
9.cxd4 Bd6 10.O-O O-O 11.Re1 Qc7 12.Nbd2 Rae8 13.h3 Kh8 14.Nf1 e5 15.dxe5 
Nxe5 16.Nxe5 Bxe5 17.Rb1 Re7 18.Bg5 Ref7 19.Bxf6 Rxf6 20.Bxh7 Kxh7 21.Qh5+
Kg8 22.Qxe5 Qc5 23.Ne3 Bc6 24.b4 Qb6 25.b5 Bd7 26.Re2 Re8 27.Qxd5+ Be6 28.
Qg5 Bf7 29.Nd5 Bxd5 30.Rxe8+ Kf7 31.Re2 Bxg2 32.Rb4 Bf3 33.Re5 Qd6 34.Kh2 
Rg6 35.Rf4+ Kg8 36.Re8+ Kh7 37.Qh4+ Rh6 38.Qg3 Qd7 39.Re5 Bd1 40.Rg5 Qe7 
41.Rc4 Rf6 42.Qh4+ Rh6 43.Qe4+ Qxe4 44.Rxe4 1-0

[Event "34th WCh U20 Girls"]
[Site "Bhubaneswar IND"]
[Date "2016.08.09"]
[Round "2.1"]
[White "Saduakasova, Dinara"]
[Black "Alinasab, Mobina"]
[Result "1/2-1/2"]
[WhiteElo "2423"]
[BlackElo "2199"]
[EventDate "2016.08.08"]
[PlyCount "170"]

1.d4 e6 2.c4 Nf6 3.g3 Bb4+ 4.Bd2 Qe7 5.Bg2 Nc6 6.e3 e5 7.d5 Bxd2+ 8.Qxd2 
Nb8 9.d6 Qxd6 10.Qxd6 cxd6 11.Nc3 Ke7 12.O-O-O d5 13.Bxd5 d6 14.Nf3 Nc6 
15.c5 Nxd5 16.cxd6+ Kxd6 17.Rxd5+ Ke6 18.Rhd1 f6 19.Ne1 Ke7 20.Rb5 Rd8 21.
Rxd8 Kxd8 22.Nd3 b6 23.f4 Ba6 24.Rd5+ Ke7 25.Nf2 Rd8 26.Rxd8 Kxd8 27.Nfe4 
exf4 28.gxf4 Ne7 29.Ng3 g6 30.Kd2 Kd7 31.e4 Ke6 32.Ke3 f5 33.exf5+ Nxf5+ 
34.Nxf5 Kxf5 35.Ne4 h6 36.b4 Ke6 37.Kd4 Bb7 38.Ng3 Bc6 39.h4 Kf6 40.Ke3 
Bb7 41.a3 Bc6 42.Ne2 Bb7 43.Nd4 Bd5 44.Kf2 Be4 45.Nb5 a6 46.Nd4 Bb7 47.Kg3
h5 48.Kf2 Be4 49.Ke3 Bd5 50.Kd3 Bb7 51.Kc4 Be4 52.a4 Ke7 53.a5 bxa5 54.
bxa5 Kd6 55.Ne2 Bd5+ 56.Kd4 Bf3 57.Ng3 Bg4 58.Ne4+ Kc6 59.Nc3 Kd6 60.Nd5 
Be6 61.Ne3 Bf7 62.Ke4 Ke6 63.Nc4 Be8 64.Kd4 Bb5 65.Ne3 Be2 66.Kc5 Bd3 67.
Kc6 Bb5+ 68.Kb6 Bd3 69.Kc5 Kf6 70.Kd6 Be4 71.Kd7 Bd3 72.Kd6 Be4 73.Kc7 Bd3
74.Kb6 Ke6 75.Kc5 Kf6 76.Kd4 Bb5 77.Kc3 Ke6 78.Kb4 Kd6 79.Nd1 Bd3 80.Ne3 
Kc6 81.Kc3 Bb1 82.Kb4 Bd3 83.Kc3 Bb1 84.Kb4 Bd3 85.Kc3 Bb1 1/2-1/2